00371 a2200121 4500001001000000005001700010008004100027245005100068100002100119700002300140773006900163999001700232ART_1459120260410161912.0260409a 10aThe integrability of consumer demand functions1 aLau, Lawrence J.1 aJorgenson, Dale W.0 tEuropean economic reviewg- Vol. 12, NÂș 2 (abr. 1979)wREV13346 c26929d26929